000
00241nam a2200097Ia 4500
001
834451
005
20250826172434.0
008
250824s9999 xx 000 0 und d
245
0
_a
DEFNEYİ BEKLERKEN
_c
ASLI DER
260
_b
GÜNIŞIĞI YAYINLARI
999
_c
834451
_d
834451